000 00447nam a2200181Ia 4500
001 24246
005 20260414151030.0
008 260414t2009||||xx |||||||||||||| ||spa||
041 _aESP
082 _a345.2
_bB76
100 _aBotero Cardona, Martín Eduardo
_eAUT
245 0 _aEl sistema procesal penal acusatorio
_b
260 _c2009
300 _a973 páginas :
_c24 cm.
650 _aDER
654 _aCDE
942 _cLIB
_dJUS
_fJUS
_2ddc
_n
999 _c24246
_d24246